Education for an information age : teaching in the computerized classroom /
保存先:
| 第一著者: | |
|---|---|
| フォーマット: | 図書 |
| 言語: | English |
| 出版事項: |
Boston :
McGraw Hill College,
1997.
|
| 版: | 2nd ed. |
| 主題: | |
| タグ: |
タグ追加
タグなし, このレコードへの初めてのタグを付けませんか!
|
| Thư viện lưu trữ: | Mạng thư viện Đại học Đà Nẵng |
|---|
| LEADER | 00902cam a2200337 i 4500 | ||
|---|---|---|---|
| 001 | 000045353 | ||
| 003 | 4528 | ||
| 005 | 20030227092025.0 | ||
| 008 | 010220|1997 vm 000 eng | ||
| 020 | |a 0697298876 | ||
| 040 | |a IRC |c IRC |d IRC | ||
| 041 | 0 | |a eng | |
| 082 | 1 | 4 | |a 371.334 |b PO-B |
| 100 | 1 | |a Poole, Bernard John. | |
| 245 | 0 | 0 | |a Education for an information age : |b teaching in the computerized classroom / |c Bernard John Poole. |
| 250 | |a 2nd ed. | ||
| 260 | |a Boston : |b McGraw Hill College, |c 1997. | ||
| 300 | |a xiv, 446p. : |b ill. | ||
| 630 | 0 | 4 | |a Education. |
| 650 | 0 | 4 | |a Computer-assisted instruction. |
| 650 | 0 | 4 | |a Educational technology. |
| OWN | |a DUT | ||
| 999 | |a From the UDN01 | ||
| TYP | |a Monograph | ||
| TYP | |a Printed language | ||
| 980 | |a Mạng thư viện Đại học Đà Nẵng | ||


